000 00482nmm a2200169Ia 4500
008 251105s9999||||xx |||||||||||||||||und||
020 _a9788499452234
041 _aspa
100 _aBerges , Ulrich
245 0 _aIsaías :
_b El profeta y el libro
264 _a[Madrid, España] :
_bEditorial Verbo Divino,
_c2015
300 _a216 páginas
490 _aEstudios bíblicos
650 _aReligion(s)
856 _uhttps://public.digitaliapublishing.com/a/38637
942 _cCF
999 _c92832
_d92832